000 00279nam a22001337a 4500
008 170728b xxu||||| |||| 00| 0 eng d
020 _a9781418843564
041 _aeng
080 _a004
100 _a32
101 _aSHK
245 _aWORD 2003
_cSHELLY,G.B
942 _2udc
_cBK
999 _c22143
_d22143